00358nam a2200133Ia 450000500170000000800410001704100080005808200130006610000340007924500350011326000510014830000090019965000160020820250729165753.0250729s2013 xx 000 0 und d aeng a510 DIRM aDirectorate of Pre University aMathematics part II ( II P C ) aBangalorebDirectorate of Pre Universityc2013 a285p aMathematics